00860nam a2200217 i 4500001000300000100003100003245009100034260005500125300004100180504002400221521010100245650002500346655005000371700003100421020001500452040000800467041000800475080002000483008004100503856009800544bg1 aBANAŚ, Józefd(1950- )10aZbiór zadań z analizy matematycznej /cJózef Banaś, Stanisław Wędrychowicz. aWarszawa :bWydawnictwa Naukowo-Techniczne,c1993. a483, [1] s. :brys., wykr. ;c24 cm. aBibliogr. s. [484]. aDla studentów i uczniów pragnących poznać i zgłębić podstawy analizy matematycznej. 9aAnaliza matematyczna aĆwiczenia i zadania dla szkół wyższych1 aWĘDRYCHOWICZ, Stanisław a8320416035 cBPK0 apol a517(075.8)(076) s pl f |000 0 pol  uhttp://koha.tu.koszalin.pl/cgi-bin/koha/opac-detail.pl?biblionumber=52825yKatalog online BPK